000 00775nam a2200241Ia 4500
003 CO-ViMGA
005 20230915233135.0
008 141017s2010 ck gr 000 j spa
020 _a9789587040395
040 _aCO-ViMGA
_bspa
_cCO-ViMGA
090 _aC CUE24
245 0 0 _aCuentos de terror
_cEdgar Allan Poe ... [et al.] ; seleccion y prologo de Mauricio Molina
250 _aPrimera edicion
260 _aBogotá
_bAlfaguara
_c2010
300 _a167 paginas
_c21 cm
650 1 4 _aCuentos de terror
_2LEMB
_93494
650 1 4 _aMiedo en la literatura
_2LEMB
_9390
650 1 4 _aMisterio en la literatura
_2LEMB
_938933
650 1 4 _aTerror en la literatura
_2LEMB
_938932
700 1 _aMolina, Mauricio
_938935
700 1 _aPoe, Edgar Allan
_938934
942 _2ddc
_cBK
999 _c35561
_d35561